000 00412 a2200133 4500
005 20250603073914.0
020 _a9789987091508
100 _aMSABILA, D.T
245 _aResearch Proposal and Dissertation Writing: Principles and Practice
260 _aDar es Salaam
_bNyambari Nyangwine Publishers
_c2013
300 _axii, 208p.: ill; figures, tables
_bReferences
_c24 cm
700 _aNALAILA, S
942 _2ddc
_cBKS
999 _c3069
_d3069